LEADER 02597nam 2200613 a 450 001 9910461707003321 005 20200520144314.0 010 $a1-283-86429-0 010 $a0-8135-5203-6 024 7 $a10.36019/9780813552033 035 $a(CKB)2670000000154978 035 $a(EBL)862094 035 $a(OCoLC)778339831 035 $a(SSID)ssj0000611362 035 $a(PQKBManifestationID)11394237 035 $a(PQKBTitleCode)TC0000611362 035 $a(PQKBWorkID)10645932 035 $a(PQKB)10011933 035 $a(MiAaPQ)EBC862094 035 $a(MdBmJHUP)muse19660 035 $a(Au-PeEL)EBL862094 035 $a(CaPaEBR)ebr10535586 035 $a(CaONFJC)MIL417679 035 $a(DE-B1597)529712 035 $a(DE-B1597)9780813552033 035 $a(EXLCZ)992670000000154978 100 $a20110311d2011 uy 0 101 0 $aeng 135 $aur|n|---||||| 181 $ctxt 182 $cc 183 $acr 200 10$aManic minds$b[electronic resource] $emania's mad history and its neuro-future /$fLisa M. Hermsen 210 $aNew Brunswick, N.J. $cRutgers University Press$dc2011 215 $a1 online resource (173 p.) 300 $aDescription based upon print version of record. 311 $a0-8135-5157-9 320 $aIncludes bibliographical references and index. 327 $aMania multiplies with fury : textbook descriptions -- The maniac and the iconography of reform -- Midwestern mania : genetics in the heartland -- Manic lives : mad memoirs -- Neuropsychiatry, pharmacology, and imaging the new mania. 330 $a Spanning several centuries, Manic Minds traces the multiple ways in which the word "mania" has been used by popular, medical, and academic writers. It reveals why the rhetorical history of the word is key to appreciating descriptions and meanings of the "manic episode." Lisa M. Hermsen examines the way medical professionals analyzed the manic condition during the nineteenth and twentieth centuries and offers the first in-depth analysis of contemporary manic autobiographies: bipolar figures who have written from within the illness itself. 606 $aManic-depressive illness$xHistory 606 $aNeuropsychiatry$xHistory 608 $aElectronic books. 615 0$aManic-depressive illness$xHistory. 615 0$aNeuropsychiatry$xHistory. 676 $a616.89/5 700 $aHermsen$b Lisa M.$f1968-$01042279 801 0$bMiAaPQ 801 1$bMiAaPQ 801 2$bMiAaPQ 906 $aBOOK 912 $a9910461707003321 996 $aManic minds$92466392 997 $aUNINA LEADER 03089nam 2200637Ia 450 001 9910459958003321 005 20200520144314.0 010 $a0-8147-8453-4 010 $a0-8147-9483-1 024 7 $a10.18574/9780814784532 035 $a(CKB)2670000000039604 035 $a(EBL)865944 035 $a(OCoLC)779828323 035 $a(SSID)ssj0000423271 035 $a(PQKBManifestationID)11281860 035 $a(PQKBTitleCode)TC0000423271 035 $a(PQKBWorkID)10451566 035 $a(PQKB)10193806 035 $a(StDuBDS)EDZ0001325827 035 $a(MiAaPQ)EBC865944 035 $a(OCoLC)649473799 035 $a(MdBmJHUP)muse4831 035 $a(DE-B1597)547548 035 $a(DE-B1597)9780814784532 035 $a(Au-PeEL)EBL865944 035 $a(CaPaEBR)ebr10395073 035 $a(EXLCZ)992670000000039604 100 $a20091229d2010 uy 0 101 0 $aeng 135 $aur|n|---||||| 181 $ctxt 182 $cc 183 $acr 200 10$aMiracles$b[electronic resource] $ewonder and meaning in world religions /$fDavid L. Weddle 210 $aNew York $cNew York University Press$d2010 215 $a1 online resource (268 p.) 300 $aDescription based upon print version of record. 311 $a0-8147-9416-5 311 $a0-8147-9415-7 320 $aIncludes bibliographical references and index. 327 $tFrontmatter -- $tNote about the Cover -- $tContents -- $tPreface -- $t1 Preliminary Considerations -- $t2 Hinduism -- $t3 Judaism -- $t4 Buddhism -- $t5 Christianity -- $t6 Islam -- $tAfterword -- $tNotes -- $tBibliography -- $tIndex -- $tAbout the Author 330 $aDespite the dominance of scientific explanation in the modern world, at the beginning of the twenty-first century faith in miracles remains strong, particularly in resurgent forms of traditional religion. In Miracles, David L. Weddle examines how five religious traditions?Hinduism, Judaism, Buddhism, Christianity, and Islam?understand miracles, considering how they express popular enthusiasm for wondrous tales, how they provoke official regulation because of their potential to disrupt authority, and how they are denied by critics within each tradition who regard belief in miracles as an illusory distraction from moral responsibility.In dynamic and accessible prose, Weddle shows us what miracles are, what they mean, and why, despite overwhelming scientific evidence, they are still significant today: belief in miracles sustains the hope that, if there is a reality that surpasses our ordinary lives, it is capable of exercising?from time to time?creative, liberating, enlightening, and healing power in our world. 606 $aMiracles 606 $aReligions 608 $aElectronic books. 615 0$aMiracles. 615 0$aReligions. 676 $a202/.117 700 $aWeddle$b David L$g(David Leroy),$f1942-$01033359 801 0$bMiAaPQ 801 1$bMiAaPQ 801 2$bMiAaPQ 906 $aBOOK 912 $a9910459958003321 996 $aMiracles$92473870 997 $aUNINA LEADER 01522nam0 2200373 i 450 001 VAN00126224 005 20251215025346.485 017 70$2N$a9783030178918 100 $a20200117d2019 |0itac50 ba 101 $aeng 102 $aCH 105 $a|||| ||||| 181 $ai$b e 182 $ab 183 $acr 200 1 $aSustainable Agrochemistry$eA Compendium of Technologies$fSílvio Vaz Jr. editor 210 $aCham$cSpringer$d2019 215 $aXII, 388 p.$cill.$d24 cm 620 $aCH$dCham$3VANL001889 676 $a333.714$cValutazione di impatto ambientale$v22 676 $a540$cChimica generale$v22 676 $a577.14$cChimica ambientale$v22 676 $a668.4192$cTecnologia dei rifiuti$v22 676 $a630$cAgricoltura e tecnologie connesse$v22 702 1$aVaz$bS.$cjr.$3VANV097633 712 $aSpringer $3VANV108073$4650 801 $aIT$bSOL$c20251219$gRICA 856 4 $uhttps://link.springer.com/book/10.1007/978-3-030-17891-8$zE-book - Accesso al full-text attraverso riconoscimento IP di Ateneo, proxy e/o Shibboleth 899 $aBIBLIOTECA DEL DIPARTIMENTO DI SCIENZE E TECNOLOGIE AMBIENTALI BIOLOGICHE E FARMACEUTICHE$1IT-CE0101$2VAN17 912 $fN 912 $aVAN00126224 950 $aBIBLIOTECA DEL DIPARTIMENTO DI SCIENZE E TECNOLOGIE AMBIENTALI BIOLOGICHE E FARMACEUTICHE$d17CONS e-book 2113 $e17BIB2113/138 138 20200117 996 $aSustainable Agrochemistry$91570978 997 $aUNICAMPANIA